000 00259nam a2200109Ia 4500
008 220204s9999 xx 000 0 und d
082 _a82-3
_bHAI
100 _aHailey
245 0 _aShip of fools
260 _aManchester
_bWorld distributors
_c1978
942 _cBK
999 _c33220
_d33220